| 000 | 00372nam a22001457a 4500 | ||
|---|---|---|---|
| 020 | _a812390472X | ||
| 082 |
_a664 _bPOT/FO |
||
| 100 |
_aPotter, Norman N _aHotchkiss, Joseph H _9751 |
||
| 245 | _aFood Science | ||
| 250 | _a5 | ||
| 260 |
_aNew Delhi _bCBS Publishers & Distributors Pvt Ltd _c2007 |
||
| 300 | _a608 | ||
| 700 |
_aHotchkiss, Joseph H _9129 |
||
| 942 | _cBK | ||
| 999 |
_c14118 _d14118 |
||